[Event "Casino op 2nd"]
[Site "Velden"]
[Date "1994.??.??"]
[Round "2"]
[White "Ryskin, Alexander"]
[Black "Soln, Primoz"]
[Result "1-0"]
[WhiteElo "2515"]
[BlackElo "2250"]
[PlyCount "109"]
[EventDate "1994.07.??"]
[EventType "swiss"]
[EventRounds "9"]
[EventCountry "AUT"]
[SourceTitle "TD"]
[Source "ChessBase"]
[SourceDate "1994.03.01"]
[SourceVersion "1"]
[SourceVersionDate "1994.03.01"]
[SourceQuality "1"]

1. d4 Nf6 2. c4 g6 3. Nc3 Bg7 4. e4 d6 5. Be2 0-0 6. Bg5 Nbd7 7. Qc2 h6 8. Be3 e5 9. d5 Nc5 10. f3 a5 11. g4 Bd7 12. h4 Ne8 13. h5 g5 14. Nh3 c6 15. 0-0 cxd5 16. cxd5 Rc8 17. Rfc1 Nc7 18. a3 Ne8 19. b4 Na4 20. Qb3 Nxc3 21. Rxc3 a4 22. Qc2 Rxc3 23. Qxc3 Nf6 24. Nf2 b5 25. Rc1 Ne8 26. Nd1 Bf6 27. Bf2 Qb8 28. Qe3 Nc7 29. Qb6 Na8 30. Qxb8 Rxb8 31. Ne3 Be7 32. Nf5 Bf8 33. Kf1 f6 34. Bd3 Kf7 35. Rc6 Bxf5 36. gxf5 Ke7 37. Ra6 Nc7 38. Rb6 Rxb6 39. Bxb6 Kd7 40. Ke2 Be7 41. Bxc7 Kxc7 42. Bxb5 Bd8 43. Bxa4 Kb6 44. Kd3 Bc7 45. Bd7 Kb7 46. Kc4 Bb6 47. a4 Be3 48. a5 Bd2 49. Kb5 Bc3 50. Bc6+ Ka7 51. Ka4 Ka6 52. b5+ Ka7 53. b6+ Ka6 54. Bb5+ Kb7 55. Bd7 1-0

[Event "Ljubljana op 5th"]
[Site "Ljubljana"]
[Date "1994.??.??"]
[Round "?"]
[White "Ryskin, Alexander"]
[Black "Sutovsky, Emil"]
[Result "1/2-1/2"]
[WhiteElo "2500"]
[BlackElo "2465"]
[PlyCount "38"]
[EventDate "1994.06.??"]
[EventType "swiss"]
[EventRounds "9"]
[EventCountry "SLO"]
[SourceTitle "TD"]
[Source "ChessBase"]
[SourceDate "1994.03.01"]
[SourceVersion "1"]
[SourceVersionDate "1994.03.01"]
[SourceQuality "1"]

1. d4 Nf6 2. c4 d6 3. Nc3 g6 4. e4 Bg7 5. Be2 0-0 6. Bg5 c5 7. d5 h6 8. Bf4 e6 9. dxe6 Bxe6 10. Bxd6 Re8 11. Nf3 Qb6 12. Bxb8 Raxb8 13. Qc2 Nh5 14. 0-0 Nf4 15. Rfe1 Nxe2+ 16. Rxe2 Bxc4 17. Rd2 Bxc3 18. bxc3 Qc6 19. Re1 Re6 1/2-1/2

[Event "Warsaw op"]
[Site "Warsaw"]
[Date "1993.??.??"]
[Round "9"]
[White "Bashkov, Viacheslav"]
[Black "Ryskin, Alexander"]
[Result "1-0"]
[WhiteElo "2450"]
[BlackElo "2505"]
[PlyCount "63"]
[EventDate "1993.??.??"]
[EventType "swiss"]
[EventRounds "9"]
[EventCountry "POL"]
[SourceTitle "TD"]
[Source "ChessBase"]
[SourceDate "1994.03.01"]
[SourceVersion "1"]
[SourceVersionDate "1994.03.01"]
[SourceQuality "1"]

1. e4 c5 2. c3 d5 3. exd5 Qxd5 4. d4 Nf6 5. Nf3 e6 6. Na3 Qd8 7. Nc2 Qc7 8. Bd3 Nbd7 9. 0-0 a6 10. Re1 Bd6 11. Bg5 0-0 12. Qe2 h6 13. dxc5 Qxc5 14. Bh4 Qh5 15. Rad1 Nd5 16. Qe4 N7f6 17. Qd4 e5 18. Qa4 b5 19. Bxb5 axb5 20. Qxa8 e4 21. Qc6 exf3 22. Qxd6 Qg6 23. g3 Be6 24. Nd4 Ne4 25. Qe5 Nc5 26. Be7 Nd7 27. Qd6 Nxe7 28. Nxe6 fxe6 29. Qxd7 Nf5 30. Qxe6+ Qxe6 31. Rxe6 Kf7 32. Re5 1-0

[Event "Bratislava op"]
[Site "Bratislava"]
[Date "1993.??.??"]
[Round "3"]
[White "Ciolac, Gheorghe"]
[Black "Ryskin, Alexander"]
[Result "0-1"]
[WhiteElo "2365"]
[BlackElo "2515"]
[PlyCount "80"]
[EventDate "1993.??.??"]
[EventType "swiss"]
[EventRounds "9"]
[EventCountry "SVK"]
[SourceTitle "EXT 1997"]
[Source "ChessBase"]
[SourceDate "1996.11.15"]
[SourceVersion "1"]
[SourceVersionDate "1996.11.15"]
[SourceQuality "1"]

1. e4 c5 2. Nf3 d6 3. d4 cxd4 4. Nxd4 Nf6 5. Nc3 Nc6 6. g3 g6 7. Nde2 b6 8. Bg2 Bb7 9. 0-0 Bg7 10. Nd5 0-0 11. c3 Nd7 12. f4 e6 13. Nb4 Nc5 14. Nxc6 Bxc6 15. Qc2 Rc8 16. Be3 Qe7 17. Nd4 Ba8 18. Rad1 a6 19. b4 Nd7 20. Qd3 e5 21. Ne2 exf4 22. gxf4 Nf6 23. Ng3 Rfe8 24. Bxb6 Nxe4 25. Nxe4 Bxe4 26. Qxe4 Qxe4 27. Bxe4 Rxe4 28. Rxd6 Bxc3 29. a3 Bb2 30. Bc5 Bxa3 31. Rb1 a5 32. Rb6 Rxf4 33. Bd6 Rg4+ 34. Kf2 Bxb4 35. Kf3 Rd4 36. Be5 Rdc4 37. Rd1 Bc3 38. Bf4 a4 39. Ra6 Bb2 40. Rd7 Rc3+ 0-1

[Event "Bratislava op"]
[Site "Bratislava"]
[Date "1993.??.??"]
[Round "9"]
[White "Fish, Gennadij"]
[Black "Ryskin, Alexander"]
[Result "1/2-1/2"]
[WhiteElo "2440"]
[BlackElo "2515"]
[PlyCount "45"]
[EventDate "1993.??.??"]
[EventType "swiss"]
[EventRounds "9"]
[EventCountry "SVK"]
[SourceTitle "EXT 1997"]
[Source "ChessBase"]
[SourceDate "1996.11.15"]
[SourceVersion "1"]
[SourceVersionDate "1996.11.15"]
[SourceQuality "1"]

1. e4 c5 2. Nf3 d6 3. Bb5+ Bd7 4. Bxd7+ Qxd7 5. 0-0 Nf6 6. Qe2 e6 7. c3 Be7 8. d4 0-0 9. dxc5 dxc5 10. Bg5 Nc6 11. Rd1 Qc7 12. Nbd2 Rad8 13. a4 Nd7 14. Bxe7 Nxe7 15. Nc4 Nb6 16. Nxb6 Qxb6 17. Qb5 Qc6 18. Ne5 Qc7 19. Nc4 h6 20. Qa5 b6 21. Qb5 Nc6 22. h3 Ne5 23. Nxe5 1/2-1/2

[Event "Nikolaev zt"]
[Site "Nikolaev"]
[Date "1993.??.??"]
[Round "?"]
[White "Ginsburg, Gennadij"]
[Black "Ryskin, Alexander"]
[Result "0-1"]
[WhiteElo "2395"]
[BlackElo "2505"]
[PlyCount "48"]
[EventDate "1993.03.??"]
[EventType "swiss"]
[EventRounds "11"]
[EventCountry "RUS"]
[SourceTitle "CBM 035"]
[Source "ChessBase"]
[SourceDate "1993.08.01"]
[SourceVersion "1"]
[SourceVersionDate "1993.08.01"]
[SourceQuality "1"]

1. e4 c5 2. Nf3 d6 3. d4 cxd4 4. Nxd4 Nf6 5. Nc3 Nc6 6. Bc4 e6 7. Be3 Be7 8. Qe2 0-0 9. 0-0-0 a6 10. Bb3 Nd7 11. g4 Nc5 12. Rhg1 Bd7 13. g5 b5 14. Qh5 b4 15. Nce2 Nxd4 16. Rxd4 Nxb3+ 17. axb3 e5 18. Rd3 a5 19. f4 a4 20. f5 axb3 21. f6 Qc7 22. Rxb3 Rfc8 23. c3 Qc4 24. g6 hxg6 0-1